Statistiche per Stati per produzione di mele

Clicka qui per fare il quiz!

Statistiche generali

  • Questo quiz è stato fatto 15 volte
  • Il punteggio medio è 13 su 15

Statistiche sulle risposte

ContinenteProduzione (tonnellate)Stato% Corretto
Asia42 426 578Cina
100%
Europa1 753 500Francia
100%
Europa991 450Germania
100%
Europa2 303 690Italia
100%
America del Nord4 997 680Stati Uniti
100%
Asia / Europa3 618 752Turchia
100%
America del Sud1 222 979Brasile
93%
Asia / Europa1 950 800Russia
93%
America del Sud1 621 321Cile
87%
Asia2 316 000India
87%
Africa891 979Sudafrica
80%
Europa1 153 970Ucraina
73%
Asia1 141 124Iran
67%
Europa3 080 600Polonia
67%
Asia1 124 017Uzbekistan
33%

Distribuzione punteggi

Percentile per numero di risposta

Percentuale di utenti per punteggio

I tuoi punteggi nel tempo

Non hai fatto questo quiz